1721 1882 1071 1058 1049 1067 1295 1704 1208 1175 1705 1253 1203 1818 1410 1184 1291 1317 1950 1626 1750 1395 1503 1595 1174 1365 1650 1492 1186 1211 1276 1728 1463 1930 1420 1411 1248 1214 1906 1462 1580 1960 1446 1081 1762 1229 1690 1604 1001 1564 1088 1592 1781 1088 1615 1767 1377 1424 1177 1455 1799 1976 1642 1641 1112 1065 1179 1539 1462 1647 1176 1272 1139 1377 1202 1255 1517 1490 1810 1802 1335 1124 1523 1474 1289 1062 1534 1020 1030 1991 1229 1234 1475 1905 1855 1207 1572 1703 1994 BCNSPRNW ULIB Ver.6.0+V

เปลี่ยนเป็นภาษาไทย

Change to English
 แสดงรายละเอียดบรรณานุกรม
  กลับหน้าหลัก

Brief Record : Get Marc (ISO 2709) : E-mail record : QR code < ปิดหน้าต่าง
LEADER : 00000nam 2200000uu 4500
001    13399121587
003     ULIB
008    110627s2553||||th 000 0 tha d
020    9786165000543
090    นว.^bอ998ค
100 0  ไอศิยา
245 00 คลื่นรีักทะเลปรวน/^cไอศิยา
250    พิมพ์ครั้งที่ 1
260    กรุงเทพฯ :^bพิมพ์คำ,^c2553
300    334 หน้า
710 1  พิมพ์คำ
945    ^p220^l0^i028014
995    ทศพร
999 ^a ใช้งานได้ทุกระบบ
รายการนี้ยังไม่มีแท็ก
คุณยังไม่ได้ล็อกอิน คุณสามารถมีกิจกรรมร่วมกับเว็บไซต์ได้ แต่ต้องล็อกอินก่อน ::
  ล็อกอิน

รายการสื่อสารสนเทศ

ลำดับที่ ประเภท เลขเรียก/บาร์โค้ด สถานที่ สถานะ
1. นวนิยาย
นวนิยาย
นว. อ998ค ฉ.1 
  Barcode: 028014
ห้องสมุดวิทยาเขตสวรรค์ประชารักษ์
►นวนิยาย
บนชั้น
  ขอยืม

รายการใกล้เคียง
    ผู้แต่ง [ไอศิยา]

BibComment


ยังไม่เคยถูกคอมเมนท์

คอมเมนท์ทรัพยากรรายการนี้
  คอมเมนท์: คลื่นรีักทะเลปรวน..


 Copyright 2026. Bcnsprnw @Library